| 000 | 00916nac a22002291u 4500 | ||
|---|---|---|---|
| 008 | 091215s2003 nyu|||||d|||| 000 0 eng d | ||
| 010 | _a 2003051203 | ||
| 020 | _a0071421769 (pbk. : acid-free paper) | ||
| 020 | _a9780071421768 | ||
| 035 | _a(OCoLC)ocm52121517 | ||
| 082 | 0 | 0 |
_a620.1103 _222 _bMCG |
| 245 | 0 | 0 | _aMcGraw-Hill Dictionary of Materials Science |
| 246 | 3 | 0 | _aDictionary of materials science |
| 260 |
_aNew York : _bMcGraw-Hill, _cc2003. |
||
| 300 |
_axii, 397 p. ; _c22 cm. |
||
| 650 | 0 |
_aMaterials science _vDictionaries. _99980 |
|
| 710 | 2 |
_aMcGraw-Hill Companies. _99981 |
|
| 856 | 4 | 2 |
_3Contributor biographical information _uhttp://www.loc.gov/catdir/bios/mh042/2003051203.html |
| 856 | 4 | 2 |
_3Table of contents _uhttp://www.loc.gov/catdir/toc/mh031/2003051203.html |
| 856 | 4 | 2 |
_3Publisher description _uhttp://www.loc.gov/catdir/enhancements/fy0704/2003051203-d.html |
| 942 |
_cNB _k620.1103 MCG _2ddc |
||
| 999 |
_c1941 _d1941 |
||